Mladý obličej jak si jej udržet

Bibliographic Details
Main Author: Tichomirova, Irina (Author)
Other Authors: Ivanská, Jarmila (Translator)
Format: Book
Language:Czech
Russian
PhysicalDescription:179 s. fotogr. 20 cm
Published: Bratislava Eugenika 2012
ISBN:9788081002991
Edition:1. vyd.
Subjects:

MARC

LEADER 00000cam a2200000 a 4500
001 vtls010471784
003 SK-MaSNL
005 20260301085658.0
008 240314s2012 xo o j 000 0 cze
015 |a SNBA2013 
020 |a 9788081002991  |q (brož.) 
040 |a SNK  |b slo  |c SNK  |e AACR2 
041 1 |a cze  |h rus 
044 |a xo  |c SK 
072 7 |a 687  |x Odevný priemysel. Kozmetika. Kaderníctvo. Starostlivosť o vzhľad  |2 konspekt 
072 7 |a 615.8  |x Fyzioterapia. Psychoterapia. Alternatívna medicína  |2 konspekt 
080 |a 687.5  |2 2001 
080 |a 615.82  |2 2001 
080 |a 646.75  |2 2001 
080 |a 615.814.1  |2 2001 
080 |a (035)  |2 2001 
100 1 |a Tichomirova, Irina  |4 aut  |9 416179 
240 1 0 |a Fejs-fitnes - podtjažka lica bez skal'pelja i injekcij  |l Česky 
245 1 0 |a Mladý obličej  |b jak si jej udržet  |c Irina Tichomirova ; [z ruského originálu přeložila Jarmila Ivanská] 
250 |a 1. vyd. 
260 |a Bratislava  |b Eugenika  |c 2012 
300 |a 179 s.  |b fotogr.  |c 20 cm 
650 0 7 |a starostlivosť o vzhľad  |2 SNKPH  |9 79560 
650 0 7 |a masáže  |2 SNKPH  |9 2528 
650 0 7 |a starostlivosť o pleť  |2 SNKPH  |9 51117 
650 0 7 |a akupunktúra  |2 SNKPH  |9 2623 
650 0 7 |a Look care  |2 SNKPHeng  |9 332729 
650 0 7 |a Massage  |2 SNKPHeng  |9 360226 
650 0 7 |a Skin care  |2 SNKPHeng  |9 313897 
650 0 7 |a Acupuncture  |2 SNKPHeng  |9 270496 
655 7 |a príručky  |2 SNKPH  |9 74364 
655 7 |a Handbooks, manuals, etc.  |2 SNKPHeng  |9 90964 
700 1 |a Ivanská, Jarmila  |4 trl  |9 416180 
852 |a Štátna vedecká knižnica v Banskej Bystrici 
919 |a 978-80-8100-299-1 
958 |a OP 
958 |a NB 
968 |a Čes  |b RUS 
999 |c 666376  |d 668306 
952 |a SNK  |b SNK  |y PREZ  |7 0  |p 17A1062419  |o snkSD 81815  |i snk2013/3152  |8 0  |0 0  |1 0  |4 0  |d 2013-02-11  |l 0  |r 2025-12-01 00:00:00  |w 2026-02-23 
952 |a SNK  |b SNK  |y VYP  |7 0  |p 17A1062420  |o snkSD 81815 D1  |i snk2013/3154  |8 0  |0 0  |1 0  |4 0  |d 2013-02-11  |l 0  |r 2017-06-30 00:00:00  |w 2026-02-23